Obchod Slovenska a rozvojových krajín
Charakteristika obchodnej spolupráce Slovenskej republiky a rozvojových krajín v kontexte svetového hospodárstva, v ktorom prebieha medzinárodná ekonomická integrácia, s prihliadnutím vstupu Slovenska do Európskej únie. Najvýznamnejším partnerom Slovenska z rozvojových krajín je Čína, pretože táto k...
Salvato in:
| Autore principale: | |
|---|---|
| Natura: | Capitolo di libro |
| Lingua: | slovacco |
| Soggetti: | |
| Tags: |
Nessun Tag, puoi essere il primo ad aggiungerne!!
|
MARC
| LEADER | 00000naa$a2200000$$$4500 | ||
|---|---|---|---|
| 001 | 0055335 | ||
| 005 | 20240711093023.1 | ||
| 041 | 0 | |a slo | |
| 044 | |a CZ | ||
| 245 | 1 | 0 | |a Obchod Slovenska a rozvojových krajín |c Dušan Lacek |
| 520 | |a Charakteristika obchodnej spolupráce Slovenskej republiky a rozvojových krajín v kontexte svetového hospodárstva, v ktorom prebieha medzinárodná ekonomická integrácia, s prihliadnutím vstupu Slovenska do Európskej únie. Najvýznamnejším partnerom Slovenska z rozvojových krajín je Čína, pretože táto krajina je najrýchlejšie sa rozvíjajúcou krajinou vo svete (ekonomický ročný rast je viac ako 10%). | ||
| 610 | 2 | 0 | |a krajiny rozvojové |
| 610 | 2 | 0 | |a obchod svetový |
| 610 | 2 | 0 | |a obchod zahraničný |
| 610 | 2 | 0 | |a Európska únia |
| 610 | 2 | 0 | |a integrácia ekonomická medzinárodná |
| 610 | 2 | 0 | |a Slovensko |
| 100 | 1 | |a Lacek, Dušan | |